Profil slovenskej spoločnosti na základe príjmovej úrovne domácností

Údaje a ich charakter. Metodologické postupy - parciálny koncept. Charakteristika vybraných dimenzií (znakov) vo vzťahu k príjmu. Príjem a sociálna (ekonomická) aktivita. Príjem a spoločenská pozícia. Príjem a veľkosť domácnosti. Príjem a vek. Príjem a vzdelanie. Príjem a lokalita. Analýza grafov a...

Description complète

Enregistré dans:
Détails bibliographiques
Auteur principal: Michálek, Anton
Format: Chapitre de livre
Langue:slovaque
Sujets:
Tags: Ajouter un tag
Pas de tags, Soyez le premier à ajouter un tag!

MARC

LEADER 00000naa$a2200000$$$4500
001 0056811
005 20230906075423.0
041 0 |a slo 
044 |a SK 
245 1 0 |a Profil slovenskej spoločnosti na základe príjmovej úrovne domácností  |c Anton Michálek 
520 |a Údaje a ich charakter. Metodologické postupy - parciálny koncept. Charakteristika vybraných dimenzií (znakov) vo vzťahu k príjmu. Príjem a sociálna (ekonomická) aktivita. Príjem a spoločenská pozícia. Príjem a veľkosť domácnosti. Príjem a vek. Príjem a vzdelanie. Príjem a lokalita. Analýza grafov a zhrnutie relevantných výsledkov a poznatkov. Komplexný (syntetický) koncept. Zostrojenie grafu. Analýza a zhodnotenie výsledkov. Deskripcia získaného modelu (profilu) slovenskej spoločnosti (domácnosti). 
610 2 0 |a príjmy 
610 2 0 |a domácnosti 
610 2 0 |a aktivita hospodárska 
610 2 0 |a aktivita spoločenská 
610 2 0 |a vek 
610 2 0 |a vzdelanie 
610 2 0 |a regióny 
610 2 0 |a analýza štatistická 
610 2 0 |a grafy 
610 2 0 |a Slovensko 
100 1 |a Michálek, Anton